000 00362 a2200169 4500
001 183021
020 _a85-3590289-9
040 _cMagnum
100 _aMishima, Yukio
240 1 0 _aMar inquieto
_lpor
245 1 0 _aMar inquieto
300 _a
362 0 _a2002
440 1 _aCompanhia das Letras
697 _aLITERATURA GERAL ESTRANGEIRA
942 _cBK
999 _c183021
_d183021